000 00536nam a22001817a 4500
003 OSt
005 20251204130958.0
008 251204b |||||||| |||| 00| 0 eng d
020 _a971-0489-13-8.
040 _aDWCL-Main lib
_cOC
082 _22008 ed.
_aFil. 657 V173t 2008
100 _aConrado T. Valix
245 _aTheory of Accounts
_cConrado T. Valix
260 _aManila :
_bGIC Enterprises & Co., Inc.,
_cc2008.
300 _aviii, 1170 pages ;
_c22 cm.
650 _21. Accounting.
942 _2ddc
_cBK - FIL
_e2008 ed.
_kFil.
_n0
999 _c6836
_d6836